000 00540nam a2200217Ia 4500
003 OSt
005 20231016111601.0
008 210210b2007 xxu||||| |||| 00| 0 eng d
040 _cAL
041 _aeng
082 _a332.4 SHAM
100 _aSHANBHAG (Santhosh)
_9138028
245 _aMoney and public finance
260 _aMangalore
_bSita Publishing House
_c2007
300 _aiii,176
650 _aII semester Bcom
_9138029
690 _aMoney
_9138030
700 _aAQUINAS (P G)
_9138031
906 _a062476
942 _2ddc
_cBK
999 _c117578
_d117578